The Ink Spots - "I Don't Want to Set the World on Fire" Lyrics - Statistics

General Stats
  • This quiz has been taken 26 times
  • The average score is 160 of 199
Answer Stats
Answer % Correct
do
100%
don't
100%
fire
100%
fire,
100%
I
100%
just
100%
on
100%
set
100%
the
100%
to
100%
want
100%
world
100%
A
94%
you
94%
You
94%
heart
89%
heart,
89%
in
89%
In
89%
start
89%
And
83%
flame
83%
my
83%
one
83%
that
83%
That
83%
your
83%
desire
78%
No
78%
will
78%
all
72%
but
72%
feel
72%
have
72%
is
72%
love
72%
other
72%
ambition
67%
be
67%
I've
67%
lost
67%
me
67%
of
67%
same
67%
with
67%
acclaim
61%
I'm
61%
Believe
56%
dreaming
56%
goal
56%
admission
50%
Down
50%
down
50%
For
50%
honey
50%
I'll
50%
know
50%
much
50%
only
50%
reached
50%
big
44%
see
44%
too
44%
worldly
44%
great
39%
Darlin',
33%
Way
33%
word
33%
ain't
28%
else
28%
gonna
28%
inside
28%
Nobody
28%
ambiton
0%
No matching quizzes found
Score Distribution
Percent of People with Each Score
Percentile by Number Answered
Your Score History
You have not taken this quiz